| 000 | 00630nam a2200217 a 4500 | ||
|---|---|---|---|
| 005 | 20210223124005.0 | ||
| 008 | 991125n 000 0 u | ||
| 035 | _aUPN01000093321 | ||
| 100 | 1 |
_aRoss, Kenneth Norman, _d1947- _933395 |
|
| 222 | _aPROSPECTS | ||
| 245 | _aThe potential contribution of research to educational policies for the poor in Asia | ||
| 300 | _a489-501 | ||
| 362 | 0 | _a1990 Vol. 20, no. 4 | |
| 653 | 0 | _aACCESO A LA EDUCACION | |
| 653 | 0 | _aALFABETIZACION | |
| 653 | 0 | _aINVESTIGACION EDUCATIVA | |
| 653 | 0 | _aPOBREZA | |
| 653 | 0 | _aPROGRAMAS TERAPEUTICOS | |
| 904 |
_aAC _b031132 |
||
| 905 | _aArticulo | ||
| 999 |
_c74647 _d74647 |
||